Progress in pestcide biochemistry, vol.2 / (Record no. 2818)
[ view plain ]
| 000 -LEADER | |
|---|---|
| fixed length control field | 00481cam a2200181ua 4500 |
| 020 ## - INTERNATIONAL STANDARD BOOK NUMBER | |
| ISBN | 0 471 101184 |
| 041 ## - LANGUAGE CODE | |
| Language code of text/sound track or separate title | eng |
| 082 ## - DEWEY DECIMAL CLASSIFICATION NUMBER | |
| Classification number | 632.95 |
| Item number | HUT/PR |
| 100 ## - MAIN ENTRY--AUTHOR NAME | |
| Personal name | Hudson, D H . |
| 245 ## - TITLE STATEMENT | |
| Title | Progress in pestcide biochemistry, vol.2 / |
| 260 ## - PUBLICATION, DISTRIBUTION, ETC. (IMPRINT) | |
| Place of publication | Newyork : |
| Name of publisher | John wiley &sons chichesten , |
| Year of publication | 1982. |
| 300 ## - PHYSICAL DESCRIPTION | |
| Number of Pages | 226 ; . |
| 700 1# - ADDED ENTRY--PERSONAL NAME | |
| Personal name | Roberts, T R . |
| 942 ## - ADDED ENTRY ELEMENTS (KOHA) | |
| Koha item type | Books |
| Withdrawn status | Lost status | Damaged status | Home library | Current library | Date acquired | Full call number | Accession Number | Koha item type |
|---|---|---|---|---|---|---|---|---|
| KAUAET | KAUAET | 01/11/1988 | 632.95 | 16392 | Books |
